LIBRARY & INFORMATION CENTRE, KCAET, TAVANUR

ONLINE PUBLIC ACCESS CATALOGUE (OPAC)

Approprite technologies for low cost housing (Record no. 15751)

MARC details
000 -LEADER
fixed length control field 00271nam a22001097a 4500
003 - CONTROL NUMBER IDENTIFIER
control field OSt
008 - FIXED-LENGTH DATA ELEMENTS--GENERAL INFORMATION
fixed length control field 190926b ||||| |||| 00| 0 eng d
082 ## - DEWEY DECIMAL CLASSIFICATION NUMBER
Classification number 691.096
Item number RAO/AP
100 ## - MAIN ENTRY--AUTHOR NAME
Personal name Rao,Madhava.
245 ## - TITLE STATEMENT
Title Approprite technologies for low cost housing
942 ## - ADDED ENTRY ELEMENTS (KOHA)
Koha item type Books
Holdings
Withdrawn status Lost status Damaged status Home library Current library Shelving location Date acquired Full call number Accession Number Koha item type
Withdrawn     KAUAET KAUAET General Stacks 26/09/2019 691.096 RAO/AP 20032 Books
free website counter